[Event "IECC O-3183"]
[Site "IECC email"]
[Date "2010.07.05"]
[Round "?"]
[White "Seyffert, Craig"]
[Black "Trasatti, Dante J"]
[Result "1-0"]
[WhiteElo "1102"]
[BlackElo "1000"]
[PlyCount "23"]
[EventDate "2010.??.??"]
[EventType "swiss (corr)"]
[EventRounds "2"]
[SourceTitle "Corr 2013"]
[Source "ChessBase"]
[SourceDate "2012.11.12"]
[SourceVersion "1"]
[SourceVersionDate "2012.11.12"]
[SourceQuality "1"]
[WhiteTeam "Germany"]
[BlackTeam "US of America"]
[WhiteTeamCountry "GER"]
[BlackTeamCountry "USA"]

1. e4 e5 2. Nf3 d6 3. d4 Nf6 4. Nc3 Bg4 5. dxe5 Nc6 6. exf6 Qxf6 7. Nd5 Qd8 8. h3 Bxf3 9. Qxf3 Nd4 10. Qc3 c5 11. Bd3 Ne6 12. Bb5+ 1-0